000 00526nam a2200133Ia 4500
005 20260209120154.0
008 260209s9999||||xx |||||||||||||| ||und||
100 _aNishtha Girdhar
245 0 _aUniformity or unfairness? Judicial interpretation of mandatory minimum sentencing in India
260 _aBangaloreBangalore
_bNLSIU, Bangalore
_c2024 - 2025
300 _a37 p. ; 25 cm.
700 _aProf. Dr. Mrinal Satish - SupervisorProf. Dr. Mrinal Satish - Supervisor
856 _uhttps://dans.nls.ac.in/handle/123456789/2536
999 _c217825
_d217825